03308nam a2200337Ka 4500001001000000003000900010005001700019008004100036020001500077040002500092082002100117100003700138245009500175260003600270300003100306490004100337500003400378505203700412590002602449600004002475600003802515650003702553650005702590651005402647700003202701830004802733910004202781942001402823952011802837999001502955000007707DO-SdBNP20260305073956.0090907s2002 dr c 001 0 spa d a9993461261 aDO-SdBNPbspacBNPHU a324.97293bC389c1 aCedano, Mario J.,d1959 -92137810aCómo defender al gobierno de Hipólito Mejía /cMario J. Cedano, J. Estévez Aristy. aSanto Domingo :bBúho,c2002. a301 p. :bretrs. ;c24 cm.1 aJosé Francisco Peña Gómez ;v2 aIncluye índice onómastico2 aPreámbulo -- Carta-Prólogo del Presidente Hipólito Mejía -- Cómo responder párrafo por parráfo el discurso crítico de Leonel Fernández sin reino en contra del gobierno de Hipólito Mejía -- Cómo responder a las nuevas críticas electorales de Leonel Fernández sin reino en contra del gobierno del PRD -- Qué decir frente a los críticos del área educativa del gobierno blanco -- Cuáles argumentos usar frente a los que critican al gobierno en materia agrícola -- 50,000 razones fundamentales para desmentir a los que señalan que este gobierno no hace nada por los pobres -- Argumentos imbatibles frente a los que magnifican el fenómeno delicuencial en la República Dominicana -- Defensa del gobierno de Hipólito Mejía frente a los que magnifican lo que algunos llaman el endeudamiento externo del país -- Defensa a la lucha anticorrupción del Partido Revolucionario Dominicano -- Razonamientos fundamentales sobre la política de obras realizadas por el nuevo gobierno -- Ejecuciones del PRD en las restantes provincias que conforman la zona fronteriza de la geografía nacional -- Ejecuciones del PRD en las restantes provincias que conforman el Cibao central de la geografía nacional -- Ejecuciones del PRD en las restantes provincias que conforman la región nordeste de la geografía nacional -- Ejecuciones del PRD en las restantes provincias que conforman la región este de la geografía nacional -- La mejor defensa contra los que ven catastrófica la política de agua potable de las actuales autoridades -- Defensa al gobierno de Hipólito Mejía en materia de salud -- Defensa a los logros de las autoridades monetarias del gobierno del PRD -- Manual de defensa deportiva para el gobierno dominicano presidido por el ingeniero agrónomo Hipólito Mejía -- Defienda la política de viviendas del nuevo gobierno del PRD, empezando por la frase: Hipólito techa al país -- La mejor defensa a la CDE -- Cómo responder a las críticas del área cultural aInventariado, 2018/BT14aMejía, Hipólito ,d1941-92137910aFernández, Leonel,d1953-97291 0aAdministración pública99266 4aTácticas políticaszRepública Dominicana93009 0aRepública DominicanaxPolítica y gobierno9451 aEstévez Aristy, J.921380 0aJosé Francisco Peña Gómez ;n2921381 aValidado. Control de calidad. MMOLINA 2ddccLBS1 0010718PDaPDbPDcHDd2010-03-25iLF1l0o324.97293 C389cp7707-10r2020-06-25w2020-06-25yLFPDZNo se presta c7486d7486